Meiji isshin no tochi henkaku; ryōshuteki tochi shoyū no kaitai o megutte,
Saved in:
| Main Author: | |
|---|---|
| Format: | Book |
| Language: | Japanese |
| Published: |
Tōkyō,
Ochanomizu Shobō,
1962.
|
| Series: | Kindai tochi seidoshi kenkyū sōsho ;
dai 2-kan. |
| Subjects: | |
| Tags: |
Add Tag
No Tags, Be the first to tag this record!
|
| LEADER | 01209cam a2200289 4500 | ||
|---|---|---|---|
| 001 | 007767413-8 | ||
| 005 | 20024617115958.0 | ||
| 008 | 900411s1962 ja a b 000 0 jpn | ||
| 010 | |a j 64001826 | ||
| 035 | 0 | |a ocm21358888 | |
| 040 | |a DLC |c CLU |d *YNH* |d CStRLIN | ||
| 050 | 0 | |a HD156 |b .K5 no. 2 | |
| 100 | 1 | |6 880-01 |a Niwa, Kunio, |d 1928- | |
| 245 | 1 | 0 | |6 880-02 |a Meiji isshin no tochi henkaku; |b ryōshuteki tochi shoyū no kaitai o megutte, |c Niwa Kunio cho, Furushima Toshio kanshū. |
| 260 | |6 880-03 |a Tōkyō, |b Ochanomizu Shobō, |c 1962. | ||
| 300 | |a 8, 429 p. |b tables. |c 22 cm. | ||
| 490 | 1 | |6 880-04 |a Kindai tochi seidoshi kenkyū sōsho ; |v dai 2-kan | |
| 504 | |a Bibliographical footnotes. | ||
| 650 | 0 | |a Land tenure |z Japan. | |
| 880 | 1 | |6 100-01 |a 丹羽邦男, |d 1928- | |
| 880 | 1 | 0 | |6 245-02 |a 明治維新の土地変革; |b 領主的土地所有の解体をめぐって, |c 丹羽邦男著, 古島敏雄監修. |
| 880 | |6 260-03 |a 東京, |b 御茶の水書房, |c 1962. | ||
| 880 | 1 | |6 490-04 |a 近代土地制度史研究叢書 ; |v 第2卷 | |
| 830 | 0 | |6 880-54 |a Kindai tochi seidoshi kenkyū sōsho ; |v dai 2-kan. | |
| 880 | 0 | |6 830-54 |a 近代土地制度史研究叢書 ; |v 第2卷. | |
| 988 | |a 20021214 | ||
| 906 | |0 DLC | ||


